000 00582nam a2200229Ia 4500
003 OSt
005 20220918175250.0
006 a|||||r|||| 00| 0
007 ta
008 220917b |||||||| |||| 00| 0 eng d
024 _a16,390
037 _cTextual
040 _aARTS
_cARTS
_beng
041 _2eng
_aeng
082 _aO:1xN5, K7 (MILSC)
100 _aSimpson Louis
_915803
245 0 _aIntroduction to poetry
260 _c1957
650 _aENGLISH LITERATURE
942 _hO:1xN5, K7 (MILSC)
_cTEXL
_2CC
999 _c156772
_d156772